Quelles représentations et quelles pratiques personnelles des IA génératives, pour quelles transpositions possibles aux usages scolaires ? (notice n° 1914465)

détails MARC
000 -LEADER
fixed length control field 01970cam a2200217 4500500
005 - DATE AND TIME OF LATEST TRANSACTION
control field 20260329021708.0
041 ## - LANGUAGE CODE
Language code of text/sound track or separate title fre
042 ## - AUTHENTICATION CODE
Authentication code dc
100 10 - MAIN ENTRY--PERSONAL NAME
Personal name Bazile, Sandrine
Relator term author
245 00 - TITLE STATEMENT
Title Quelles représentations et quelles pratiques personnelles des IA génératives, pour quelles transpositions possibles aux usages scolaires ?
260 ## - PUBLICATION, DISTRIBUTION, ETC.
Date of publication, distribution, etc. 2024.<br/>
500 ## - GENERAL NOTE
General note 19
520 ## - SUMMARY, ETC.
Summary, etc. L’article présente la phase exploratoire et préparatoire d’une recherche collaborative qui vise la production de ressources pour la classe et la formation d’enseignants autour des usages possibles des IA génératives en situation de production d’écrit, de la fin du cycle primaire aux premières années de l’université. À l’aune des recherches en éducation émergentes, portant sur le rôle possible des IA génératives en matière de production d’écrit, il s’agit de présenter la méthodologie et les premiers résultats de cette recherche, qui permettent, dans un premier temps, de mettre au jour les représentations des acteurs du projet concernant les IA génératives et d’identifier leurs pratiques en lien ou non avec les activités scolaires, et, dans un deuxième temps, à partir de la description de ces représentations et des usages buissonniers de ces outils, d’envisager la façon dont ces derniers pourraient nourrir la conception de ressources, dispositifs et activités d’enseignement mobilisant les IA génératives.
690 ## - LOCAL SUBJECT ADDED ENTRY--TOPICAL TERM (OCLC, RLIN)
Topical term or geographic name as entry element production d’écrit ; pratiques d’écriture personnelles ; intelligences artificielles génératives ; usages scolaires.
700 10 - ADDED ENTRY--PERSONAL NAME
Personal name Alonso, Béatrice
Relator term author
700 10 - ADDED ENTRY--PERSONAL NAME
Personal name Cwiczynski, Marie
Relator term author
700 10 - ADDED ENTRY--PERSONAL NAME
Personal name Lauze, Marianne
Relator term author
700 10 - ADDED ENTRY--PERSONAL NAME
Personal name Mayoral, Milène
Relator term author
786 0# - DATA SOURCE ENTRY
Note Le français aujourd'hui | 226 | 3 | 2024-09-16 | p. 39-50 | 0184-7732
856 41 - ELECTRONIC LOCATION AND ACCESS
Uniform Resource Identifier <a href="https://shs.cairn.info/revue-le-francais-aujourd-hui-2024-3-page-39?lang=fr&redirect-ssocas=7080">https://shs.cairn.info/revue-le-francais-aujourd-hui-2024-3-page-39?lang=fr&redirect-ssocas=7080</a>

Pas d'exemplaire disponible.

PLUDOC

PLUDOC est la plateforme unique et centralisée de gestion des bibliothèques physiques et numériques de Guinée administré par le CEDUST. Elle est la plus grande base de données de ressources documentaires pour les Étudiants, Enseignants chercheurs et Chercheurs de Guinée.

Adresse

627 919 101/664 919 101

25 boulevard du commerce
Kaloum, Conakry, Guinée

Réseaux sociaux

Powered by Netsen Group @ 2025